| 000 | 00658cam a22002292 4500 | ||
|---|---|---|---|
| 001 | 0000024097 | ||
| 005 | 20151217152257.0 | ||
| 008 | 130610s xx 000 0 eng d | ||
| 020 | _a0132806460 : | ||
| 040 |
_aKABU _cKABU |
||
| 050 | 0 |
_aHF5415.1265 _b.S77 2012 |
|
| 100 | 1 |
_aStrauss, Judy. _@0000151450 |
|
| 245 | 1 | 0 |
_aE-marketing / _cJudy Strauss, Raymond Frost. |
| 250 | _a6th ed. | ||
| 260 |
_aBoston : _bPearson, _cc2012. |
||
| 300 | _a448 p. | ||
| 650 | 0 |
_aInternet marketing. _@0000151441 |
|
| 700 | 1 |
_aFrost, Raymond. _@0000151452 |
|
| 852 | 1 | _9p2005 KES | |
| 908 | _a130610 | ||
| 950 | _@1 | ||
| 999 |
_c10178 _d10178 |
||